00707nam a2200181 a 450000100100000000500170001000800410002704000250006808200170009310000330011024500880014326000850023130000210031650000410033704900090037895201210038799900170050800002451520200930023220.0110128s1967 ec r 000 0 spa d aDO-SdBNPbspacBNPHU axxxxxbM181v1 aMadero Moreira, Mauro95023610aVoces, usos y costumbres del folklore médico ecuatoriano /cMauro Madero Moreira. aGuayaquil, Ecuador :bCasa de la Cultura Ecuatoriana Núcleo del Guayas,c1967. a164 p. ;c21 cm. aIncluye bibliografía p. [163-164]. aBNGR 001054708MOaGRbGRcCTd2011-01-28iLF1l0oxxxxx M181vp24515-10r2020-06-25w2020-06-25y4ZPréstamo en sala c24008d24008